| 000 | 00532nam a22001817a 4500 | ||
|---|---|---|---|
| 999 |
_c174506 _d174506 |
||
| 005 | 20200619104916.0 | ||
| 010 | _aA-941655 | ||
| 020 |
_a8126004592 _c25.00 |
||
| 035 | _aA-941655 | ||
| 037 | _bBPPD/Pub. | ||
| 082 | _a840.8 | ||
| 100 | _aسلیم قدواي | ||
| 245 |
_aعبد الماجد دریابادی / _cسلیم قدواي |
||
| 246 |
_aAbdul Majid Daryabadi / _bby Saleem Kidwai |
||
| 260 |
_aNew Delhi _bSahitya Akademy _cء1998 |
||
| 300 |
_a98p. _c20cm(Hb) |
||
| 942 |
_2ddc _cUR _h840.8 _mع ب د |
||